000 00222nam a2200097Ia 4500
005 20251222114348.0
008 251222s1900||||xx |||||||||||||| ||spa||
082 _aDVD0111/Z67/2004
245 0 _aEl expreso polar:
942 _cDVD
999 _c1135
_d1135